[Event "GER-ch Net blitz qual5"]
[Site "Playchess.com INT"]
[Date "2020.03.28"]
[Round "1"]
[White "Weller, Manuel"]
[Black "Trifan, Andrei Ioan"]
[Result "1/2-1/2"]
[WhiteElo "2242"]
[BlackElo "2249"]
[PlyCount "107"]
[EventDate "2020.03.28"]
[EventType "swiss (blitz)"]
[EventRounds "13"]
[EventCountry "GER"]
[SourceTitle "CBM 195 Extra"]
[Source "ChessBase"]
[SourceDate "2020.05.31"]
[SourceVersion "1"]
[SourceVersionDate "2020.05.31"]
[SourceQuality "1"]

1. c4 g6 2. g3 Bg7 3. Bg2 d6 4. Nc3 e5 5. e3 Nc6 6. Nge2 Nf6 7. 0-0 0-0 8. b3 Be6 9. d4 exd4 10. exd4 d5 11. c5 Ne4 12. Nxe4 dxe4 13. Bb2 Bg4 14. Bxe4 Re8 15. f3 Rxe4 16. fxe4 Nxd4 17. Bxd4 Bxe2 18. Qxe2 Bxd4+ 19. Kg2 Bxa1 20. Rxa1 Qd4 21. Rc1 Re8 22. Rc4 Qe5 23. Qf2 b5 24. cxb6 axb6 25. Qf4 Qb2+ 26. Kh3 Qxa2 27. Qf3 c5 28. Rc3 Qa8 29. Re3 Qc8+ 30. Kg2 Qc6 31. Kg1 Kg7 32. h4 Qf6 33. Qe2 Qd4 34. Kg2 f5 35. e5 Re6 36. Qf3 Rxe5 37. Rxe5 Qxe5 38. Qb7+ Kh6 39. Qxb6 Qd5+ 40. Kh2 Qd4 41. Qb8 Qf2+ 42. Kh3 Qf1+ 43. Kh2 Qf2+ 44. Kh3 Qf1+ 45. Kh2 Qe2+ 46. Kh3 Qg4+ 47. Kh2 Kh5 48. Qg8 h6 49. Qf7 f4 50. Qd5+ Qf5 51. Qf3+ Qg4 52. Qd5+ Qf5 53. Qf3+ Qg4 54. Qd5+ 1/2-1/2

[Event "GER-ch Net blitz qual4"]
[Site "Playchess.com INT"]
[Date "2020.03.23"]
[Round "6"]
[White "Ahlberg, Matthias"]
[Black "Weller, Manuel"]
[Result "0-1"]
[WhiteElo "2207"]
[BlackElo "2242"]
[PlyCount "92"]
[EventDate "2020.03.23"]
[EventType "swiss (blitz)"]
[EventRounds "9"]
[EventCountry "GER"]
[SourceTitle "CBM 195 Extra"]
[Source "ChessBase"]
[SourceDate "2020.05.31"]
[SourceVersion "1"]
[SourceVersionDate "2020.05.31"]
[SourceQuality "1"]

1. e4 c5 2. Nc3 a6 3. g3 b5 4. Bg2 Bb7 5. d3 e6 6. Nf3 Nf6 7. Be3 d5 8. exd5 Nxd5 9. Nxd5 Bxd5 10. 0-0 Be7 11. Ne5 0-0 12. Qh5 Nd7 13. Bxd5 exd5 14. Nc6 Nf6 15. Nxe7+ Qxe7 16. Qh4 Qd6 17. Bf4 Qc6 18. Rfe1 Rfe8 19. Bg5 Nd7 20. c3 Ne5 21. Qf4 f6 22. Bh4 Nxd3 23. Rxe8+ Rxe8 24. Qd2 Ne5 25. Qf4 g5 26. Bxg5 fxg5 27. Qxg5+ Qg6 28. Qxg6+ hxg6 29. f4 Nc4 30. Rd1 Re2 31. Rxd5 Rxb2 32. Rxc5 Rxa2 33. h4 Ne3 34. Rc6 Kg7 35. g4 Nxg4 36. c4 b4 37. c5 b3 38. Rc7+ Kf6 39. Rb7 b2 40. c6 b1Q+ 41. Rxb1 Rc2 42. Rb6 a5 43. Ra6 Kf5 44. Rxa5+ Kxf4 45. Rg5 Rxc6 46. h5 Kxg5 0-1

[Event "GER-ch Net blitz qual4"]
[Site "Playchess.com INT"]
[Date "2020.03.23"]
[Round "2"]
[White "Perestjuk, Marko"]
[Black "Weller, Manuel"]
[Result "0-1"]
[WhiteElo "2126"]
[BlackElo "2242"]
[PlyCount "104"]
[EventDate "2020.03.23"]
[EventType "swiss (blitz)"]
[EventRounds "9"]
[EventCountry "GER"]
[SourceTitle "CBM 195 Extra"]
[Source "ChessBase"]
[SourceDate "2020.05.31"]
[SourceVersion "1"]
[SourceVersionDate "2020.05.31"]
[SourceQuality "1"]

1. d4 Nf6 2. Nf3 e6 3. g3 b6 4. Bg2 Bb7 5. 0-0 Be7 6. c4 0-0 7. Nc3 Na6 8. b3 Ne4 9. Nxe4 Bxe4 10. Ne5 Bxg2 11. Kxg2 f5 12. Bb2 f4 13. Qd2 Bg5 14. Qd3 Nb4 15. Qe4 d5 16. Qb1 Qd6 17. a3 Nc6 18. Qd3 dxc4 19. Qxc4 Nxe5 20. dxe5 Qd5+ 21. Qxd5 exd5 22. Rfd1 Rad8 23. b4 c5 24. bxc5 bxc5 25. h4 Be7 26. Rac1 fxg3 27. Kxg3 Rb8 28. Ba1 Rb3+ 29. f3 d4 30. Rd3 Rfb8 31. Rxb3 Rxb3 32. Kg4 Kf7 33. f4 g6 34. h5 Rxa3 35. hxg6+ hxg6 36. Rh1 a5 37. Rh7+ Ke6 38. Rh1 a4 39. Bb2 Ra2 40. Bc1 Rxe2 41. Rh6 Rg2+ 42. Kf3 Rg1 43. Ba3 d3 44. Ke3 c4 45. Bxe7 Kxe7 46. Rh7+ Ke6 47. Rc7 a3 48. Rxc4 a2 49. Rc6+ Kf7 50. Ra6 a1Q 51. Rxa1 Rxa1 52. Kxd3 Ke6 0-1

[Event "GER-ch Net blitz qual4"]
[Site "Playchess.com INT"]
[Date "2020.03.23"]
[Round "9"]
[White "Weller, Manuel"]
[Black "Kollars, Dmitrij"]
[Result "0-1"]
[WhiteElo "2242"]
[BlackElo "2592"]
[PlyCount "154"]
[EventDate "2020.03.23"]
[EventType "swiss (blitz)"]
[EventRounds "9"]
[EventCountry "GER"]
[SourceTitle "CBM 195 Extra"]
[Source "ChessBase"]
[SourceDate "2020.05.31"]
[SourceVersion "1"]
[SourceVersionDate "2020.05.31"]
[SourceQuality "1"]

1. c4 e5 2. g3 c6 3. Nf3 e4 4. Nd4 d5 5. cxd5 Qxd5 6. Nc2 Nf6 7. Nc3 Qe5 8. Bg2 Na6 9. 0-0 Be7 10. d4 exd3 11. Qxd3 Nc5 12. Qe3 Qh5 13. Qg5 Qg6 14. Qxg6 hxg6 15. b4 Bf5 16. Nd4 Nce4 17. Nxe4 Nxe4 18. Nxf5 gxf5 19. Bb2 Bf6 20. Bxf6 Nxf6 21. Rfd1 Ke7 22. Rd2 Rhd8 23. Rad1 Rxd2 24. Rxd2 a5 25. bxa5 Rxa5 26. Rb2 Ra7 27. Kf1 Nd7 28. e4 fxe4 29. Bxe4 Nc5 30. Bc2 b5 31. Ke2 Kd6 32. h4 Na4 33. Bxa4 Rxa4 34. h5 f5 35. Ke3 Re4+ 36. Kd3 Ra4 37. f3 Kd5 38. Ke3 Ke5 39. Rc2 Ra3+ 40. Kf2 Kd5 41. Rd2+ Ke6 42. Rc2 Kd5 43. Rd2+ Kc4 44. g4 fxg4 45. fxg4 c5 46. Rd7 Rxa2+ 47. Kg3 b4 48. Rxg7 b3 49. h6 b2 50. Rb7 Ra3+ 51. Kf4 Rb3 52. Rxb3 Kxb3 53. h7 b1Q 54. h8Q Qf1+ 55. Kg5 c4 56. Qb8+ Kc2 57. Kh6 Qh3+ 58. Kg5 c3 59. Qf4 Qd3 60. Kh6 Qd2 61. Qxd2+ cxd2 62. g5 d1Q 63. g6 Qd6 64. Kh7 Qd3 65. Kh6 Qe3+ 66. Kh7 Qe4 67. Kh6 Qf4+ 68. Kh7 Qf5 69. Kh6 Qf6 70. Kh7 Qh4+ 71. Kg8 Kd3 72. g7 Ke4 73. Kf8 Qf6+ 74. Kg8 Kf5 75. Kh7 Qh4+ 76. Kg8 Ke6 77. Kf8 Qd8# 0-1

[Event "GER-ch Net blitz qual4"]
[Site "Playchess.com INT"]
[Date "2020.03.23"]
[Round "8"]
[White "Weller, Manuel"]
[Black "Rudolf, Matthias"]
[Result "1-0"]
[WhiteElo "2242"]
[BlackElo "2094"]
[PlyCount "69"]
[EventDate "2020.03.23"]
[EventType "swiss (blitz)"]
[EventRounds "9"]
[EventCountry "GER"]
[SourceTitle "CBM 195 Extra"]
[Source "ChessBase"]
[SourceDate "2020.05.31"]
[SourceVersion "1"]
[SourceVersionDate "2020.05.31"]
[SourceQuality "1"]

1. c4 Nf6 2. g3 g6 3. b3 Bg7 4. Bb2 0-0 5. Bg2 c5 6. e3 Qc7 7. Ne2 d6 8. 0-0 Nbd7 9. Nbc3 a6 10. Rc1 Rb8 11. d4 b6 12. Qd2 Bb7 13. d5 Bc8 14. f4 b5 15. h3 bxc4 16. bxc4 Nb6 17. Nd1 Bd7 18. e4 Ba4 19. Ne3 Rb7 20. e5 Nfd7 21. exd6 exd6 22. Bxg7 Kxg7 23. Qc3+ f6 24. Rfe1 Rbb8 25. g4 Rbe8 26. g5 Kg8 27. Ng4 Qd8 28. Ng3 Kg7 29. Re6 Rxe6 30. dxe6 Nb8 31. gxf6+ Rxf6 32. Nxf6 Qxf6 33. Qxf6+ Kxf6 34. Rb1 Nxc4 35. Rxb8 1-0